000 00214 a2200109 4500
020 _a9788495349446
041 _aspa
100 _aSwift, Jonathan
245 _aLos Viajes de Gulliver
942 _cBK
999 _c4580
_d4580
999 _d4580